Sansanate sapne/ (Record no. 40353)

000 -LEADER
fixed length control field 00317nam a22001451a 4500
082 ## - DEWEY DECIMAL CLASSIFICATION NUMBER
Classification number H3
Item number RAD/S
100 ## - MAIN ENTRY--AUTHOR NAME
Personal name Radhakrishna
245 ## - TITLE STATEMENT
Title Sansanate sapne/
Statement of responsibility, etc by Radhakrishna
260 ## - PUBLICATION, DISTRIBUTION, ETC. (IMPRINT)
Year of publication 1997.
Place of publication
Name of publisher
300 ## - PHYSICAL DESCRIPTION
Number of Pages 111p.
650 ## - SUBJECT ADDED ENTRY--TOPICAL TERM
Topical Term Novel Hindi
650 ## - SUBJECT ADDED ENTRY--TOPICAL TERM
Topical Term Literature Hindi
650 ## - SUBJECT ADDED ENTRY--TOPICAL TERM
Topical Term Literature
942 ## - ADDED ENTRY ELEMENTS (KOHA)
Koha item type Book
Holdings
Withdrawn status Lost status Damaged status Not for loan Permanent Location Current Location Date acquired Cost, normal purchase price Full call number Accession Number Cost, replacement price Price effective from Koha item type
        Sree Sankaracharya University of Sanskrit Sree Sankaracharya University of Sanskrit 08.01.2015 40.00 H3 RAD/S 017324 0.00 08.01.2015 Book